| 000 | 00404nam a22001577a 4500 | ||
|---|---|---|---|
| 003 | SGT | ||
| 082 |
_a616.07 _bH11M |
||
| 100 | _aMOPHERSON,RICHARD | ||
| 245 | _aHENRY'S CLINICAL DIAGNOSIS & MANAGEMENT BY LABORATORY METHODS | ||
| 250 | _a22ND | ||
| 260 |
_aPHILADELPHY _bELSEVIER PUB _c2012 |
||
| 300 | _a2147 | ||
| 650 | _aHOMOEOPATHIC | ||
| 653 | _aCLINICAL DIAGNOSIS, MANAGEMENT, | ||
| 942 |
_2ddc _cBK |
||
| 999 |
_c18528 _d18528 |
||